000 00672nam a2200241Ia 4500
003 OSt
005 20220918213601.0
006 a|||||r|||| 00| 0
007 ta
008 220917b |||||||| |||| 00| 0 eng d
024 _a133,477
037 _cTextual
040 _aARTS
_cARTS
_beng
041 _2eng
_aeng
082 _aX:8:(Y), L7
100 _aWarner Malcolm
_9127699
245 0 _aOrganizational choice and constraint
_b approaches to the sociology of interprise
260 _aEngland
_bSaxon House
_c1977
300 _axv,252p.
_ccm.
650 _aECONOMICS
942 _hX:8:(Y), L7
_cTEXL
_2CC
999 _c256585
_d256585